| 000 | 00799nam a22002297a 4500 | ||
|---|---|---|---|
| 999 |
_c20244 _d20244 |
||
| 003 | AR-CdUCM | ||
| 008 | 190528b ||||| |||| 00| 0 spa d | ||
| 040 |
_aMUNICIPALIDAD PROVINCIAL DEL CUSCO _cBIBLIOTECA MUNICIPAL DEL CUSCO |
||
| 041 | _heng | ||
| 082 |
_a551.59 / _bM5 |
||
| 100 |
_aMiller, Arthur Austin _942312 |
||
| 245 | _aClimatología / | ||
| 260 |
_aBarcelona : _bEds. Omega, _c1957. |
||
| 300 |
_a375 páginas ; _bMapas, ilustraciones, _c23 cm. |
||
| 505 | _aContenido: Alcance y fines de la climatología -- Los elementos del clima -- Los factores del clima... | ||
| 650 |
_aEcología humana _914285 |
||
| 650 |
_aClimatología _917045 |
||
| 650 |
_aFactores del clima _942313 |
||
| 700 |
_aAntich, Ismael (traducción) _936449 |
||
| 942 |
_2ddc _cLIBROS |
||
| 945 |
_adavv _d2019-05-28 |
||